00964cam a2200301 a 45000010008000000030005000080050017000130080041000300100017000710200027000880380011001150400030001260430012001560500026001680820016001941000029002102450034002392500012002732600034002853000021003196500029003406500025003696500020003946510029004146550033004438560097004768560089005731021109Nust20180713112418.0880728s1988 nyu 000 1 eng  a 88024345  a9781853811265cRs. 540 aArshad aDLCcDLCdDLCdOCoLCdDLC an-cn---00aPR9199.3.A8bC38 198800a813.54bATW1 aAtwood, Margaret,d1939-10aCat's eye /cMargaret Atwood. a1st ed. aNew York :bDoubleday,c1988. a498 p. ;c24 cm. 0aWomen paintersxFiction. 0aFriendshipxFiction. 0aGirlsxFiction. 0aToronto (Ont.)xFiction. 7aPsychological fiction.2lcsh423Contributor biographical informationuhttp://www.loc.gov/catdir/bios/random056/88024345.html423Publisher descriptionuhttp://www.loc.gov/catdir/description/random048/88024345.html